European Country Jumble Quiz Stats

 Plays Quiz not verified by Sporcle

Challenge
Share
Tweet
Embed
Score 0/31 Timer 14:00
0 Plays Today
Jumble Country % Correct
AtlamMalta
100%
GereecGreece
100%
LodnapPoland
100%
RanfecFrance
98.1%
PasniSpain
98.1%
DalniflFinland
98.1%
RadmenkDenmark
98.1%
CeinaldIceland
98.1%
YatliItaly
96.3%
WsenedSweden
96.3%
YcrupsCyprus
96.3%
MroniaaRomania
96.3%
RugloatpPortugal
96.3%
RwyaonNorway
96.3%
RailednIreland
94.4%
RatcoaiCroatia
94.4%
Jumble Country % Correct
ValtaiLatvia
92.6%
KuanrieUkraine
92.6%
ZwaneristdlSwitzerland
92.6%
BesraiSerbia
92.6%
VamlodoMoldova
90.7%
RodanarAndorra
90.7%
ElbrasuBelarus
90.7%
SetnoiaEstonia
88.9%
VaseinloSlovenia
88.9%
BaaalinAlbania
88.9%
GabruilaBulgaria
88.9%
Nar OniasmSan Marino
85.2%
LenhtrdnasNetherlands
85.2%
GemnoteorMontenegro
81.5%
Rasie FsadnolFaroe Islands
16.7%

You're not logged in!

Compare scores with friends on all Sporcle quizzes.
OR
Log In

You Might Also Like...

Show Comments

Extras

Top Quizzes Today


Score Distribution

Your Account Isn't Verified!

In order to create a playlist on Sporcle, you need to verify the email address you used during registration. Go to your Sporcle Settings to finish the process.

Report this User

Report this user for behavior that violates our Community Guidelines.

Details: